000 00605nam a2200193 a 4500
001 000367684
003 AM-YeHGA
005 20250618072250.0
008 041008s1909 ai ||||gr|||||||||0|arm|d
040 _aAM-YeHGA
041 0 _aarm
100 1 _aԱճառյան, Հրաչյա Հակոբի,
_d1876-1953
_965
245 1 0 _aՊօլսէն Կարին :
_b[Ճամբորդական յուշեր] /
_cՀ. Աճառեան.
260 _aՆոր-Նախիջևան :
_bտպ. Ս. Աւագեանի,
_c1909.
300 _a29 էջ ;
_c23 սմ.
650 1 4 _aՊատմություն
942 _2udc
_cBK
090 _c141956
999 _c140578
_d140578